00427nam a2200145 a 4500003000400000005001700004008004100021050001700062100001700079245013100096260003600227650000600263650000600269650000600275OSt20140415081227.0110212s19uu xx 00 eng d aTRbC67 1997 aCole, Joanna aThe magic school bus makes a rainbow :ba book about colors /c[adaptation by Jane B. Mason ; illustrated by Nancy Stevenson]. aNew York :bScholastic,cc1997. a  a  a